Strain gauge (Record no. 65617)
[ view plain ]
| 000 -LEADER | |
|---|---|
| fixed length control field | 01123cam a2200241 4500 |
| 001 - CONTROL NUMBER | |
| control field | ABS63362 |
| 008 - FIXED-LENGTH DATA ELEMENTS--GENERAL INFORMATION | |
| fixed length control field | 000000n2000 000 0 eng u |
| 035 ## - SYSTEM CONTROL NUMBER | |
| System control number | (Sirsi) u110011 |
| 100 ## - MAIN ENTRY--PERSONAL NAME | |
| Personal name | Cleary, M |
| 245 ## - TITLE STATEMENT | |
| Title | Strain gauge |
| 260 ## - PUBLICATION, DISTRIBUTION, ETC. | |
| Date of publication, distribution, etc. | 2000 |
| 490 ## - SERIES STATEMENT | |
| Series statement | Surveyor |
| Volume/sequential designation | 187(5612) 14 December 2000, 21-23(3) |
| 520 ## - SUMMARY, ETC. | |
| Summary, etc. | Discusses the assessment of whether road bridges are capable of bearing super-heavy loads, comparing the usual method, which can be expensive and repetitive, with an alternative devised by Hampshire County Council's bridges engineering group. Known as 'load equivalence method', it does not assess bridges to see if they can carry the load but assesses the loads themselves. The concept was developed in conjunction with work already under way on establishing a national heavy load grid as the new method would greatly assist the redrawing of the grid. |
| 590 ## - LOCAL NOTE (RLIN) | |
| Local note | ABS |
| 650 ## - SUBJECT ADDED ENTRY--TOPICAL TERM | |
| Topical term or geographic name entry element | BRIDGES |
| 650 ## - SUBJECT ADDED ENTRY--TOPICAL TERM | |
| Topical term or geographic name entry element | LOADS |
| 650 ## - SUBJECT ADDED ENTRY--TOPICAL TERM | |
| Topical term or geographic name entry element | ASSESSMENTS |
| 650 ## - SUBJECT ADDED ENTRY--TOPICAL TERM | |
| Topical term or geographic name entry element | ENGINEERING |
| 650 ## - SUBJECT ADDED ENTRY--TOPICAL TERM | |
| Topical term or geographic name entry element | LOAD EQUIVALENCE METHOD |
| 690 ## - LOCAL SUBJECT ADDED ENTRY--TOPICAL TERM (OCLC, RLIN) | |
| Topical term or geographic name as entry element | TRANSPORT AND COMMUNICATIONS |
| 700 ## - ADDED ENTRY--PERSONAL NAME | |
| Personal name | Hawthorne, R |
| 942 ## - ADDED ENTRY ELEMENTS (KOHA) | |
| Suppress in OPAC | 0 |
| Withdrawn status | Lost status | Source of classification or shelving scheme | Damaged status | Not for loan | Home library | Current library | Shelving location | Date acquired | Total Checkouts | Full call number | Barcode | Date last seen | Copy number | Price effective from | Koha item type |
|---|---|---|---|---|---|---|---|---|---|---|---|---|---|---|---|
| Dewey Decimal Classification | London | London | Journal article | 20/12/2000 | ABS63362 | 110011-1001 | 06/08/2019 | 1 | 06/08/2019 | Journal article |